Guess the Taylor Swift song with no hint 89 - Statistics

General Stats
  • This quiz has been taken 988 times
  • The average score is 267 of 363
Answer Stats
Answer % Correct
I
99%
a
98%
you
98%
the
97%
The
97%
an
95%
your
95%
it
94%
it"
94%
me
94%
and
93%
And
93%
in
93%
on
93%
to
92%
when
92%
When
92%
do
91%
I'm
91%
be
90%
is
90%
my
90%
we
90%
you're
90%
who
88%
go
87%
Then
87%
then
87%
it's
86%
It's
86%
of
86%
They
85%
they
85%
can
84%
this
84%
what
84%
but
83%
But
83%
like
83%
too
83%
know
82%
at
81%
for
81%
say
81%
love
80%
All
79%
have
78%
"She
78%
she
78%
I'll
77%
How
76%
I've
76%
(I've
76%
nothing
76%
want
75%
her
74%
are
73%
Are
73%
had
73%
had)
73%
if
73%
up
73%
up)
73%
been
72%
new?
72%
will
72%
Will
72%
did
71%
out
71%
still
71%
tell
71%
time
70%
can't
69%
From
69%
from
69%
night
69%
think
69%
whoa
69%
everything
68%
Oh
68%
oh
68%
with
67%
22?
64%
much
64%
she's
64%
18
63%
about
63%
person
63%
down
62%
down?
62%
middle
62%
feel
61%
got
61%
young
61%
fun"
60%
only
60%
drink
59%
tonight
57%
way
57%
"Girls
56%
dream
55%
wake
55%
(wake
55%
while
55%
looks
54%
through
54%
cry
53%
moving
53%
gonna
52%
ones
52%
actually
51%
long
51%
myself
51%
Once
51%
once
51%
She'll
50%
she'll
50%
eyes
49%
sky
49%
sleep
49%
17
48%
lost
48%
become
47%
kind
47%
meet
47%
room
47%
room?
47%
sad
47%
fever
46%
fly
46%
someday
45%
crying
44%
they'll
44%
blame
43%
cute
43%
happy
43%
someone
43%
Criticize
42%
growing
42%
novelty?
42%
hunt
41%
youth
41%
breaking
40%
slay
40%
cheeks
39%
faking
39%
lights
39%
radiance
39%
red
39%
smiles
39%
soarin'
39%
tired
39%
affection?
38%
Lord
38%
else
37%
map
37%
roll
37%
'til
37%
lose
36%
People
35%
sigh
35%
turning
35%
miss
34%
wonder
34%
attention?
33%
drive
31%
ingénue
27%
biding
26%
Shoots
19%
No matching quizzes found
Score Distribution
Percent of People with Each Score
Percentile by Number Answered
Your Score History
You have not taken this quiz